The tomb of Maya and Meryt. III, The New Kingdom pottery /

Saved in:

Main Author: authors

Other Authors: Aston, Barbara G., Aston, David A., Van Dijk, Jacobus., Jan Bomhof, Peter.

Format: Book

Language: English

Published: London : The Egypt Exploration Society, 2023.

Series: Memoir of the Egypt Exploration Society ; 117.
MEES ; 117.

Subjects:

Tags: Add Tag

No Tags, Be the first to tag this record!

Call Number: ( F )DT57 .E32 v.117

LEADER 01046nam a22003017a 4500
003 OSt
005 20260521123726.0
008 260511s2023 uk a 000 0 eng d
020 |a 9780856982453 
040 |c ARCE Library 
043 |a f-ua--- 
050 4 |a ( F )DT57 .E32 v.117 
100 1 |d authors 
245 0 4 |a The tomb of Maya and Meryt.   |n III,   |p The New Kingdom pottery /   |c Barbara G. Aston and David A. Aston ; with a chapter on the hieratic dockets by Jacobus van Dijk ; and photographs by Peter Jan Bomhof. 
246 3 0 |a New Kingdom pottery. 
264 1 |a London :   |b  The Egypt Exploration Society,   |c 2023. 
300 |a 426 pages :   |b illustrations ;   |c 31 cm. 
490 0 |a Memoir of the Egypt Exploration Society ;   |v 117. 
490 0 |a MEES ;   |v 117. 
650 0 |a Tombs  |z Egypt  |z Ṣaqqārah 
651 0 |a Ṣaqqārah (Egypt)  |x Antiquities. 
700 1 |a Aston, Barbara G. 
700 1 |a Aston, David A. 
700 1 |a Van Dijk, Jacobus. 
700 1 |a Jan Bomhof, Peter. 
901 |a reviewed 
942 |2 lcc  |c BK 
999 |c 62238  |d 62238